[Event "FIDE Online Olympiad"]
[Site "Chess.com"]
[Date "2020.08.01"]
[EventDate "2020.07.31"]
[Round "5"]
[Result "0-1"]
[White "Duane Rowe"]
[Black "Ryan Harper"]
[WhiteElo "2088"]
[BlackElo "2198"]
[PlyCount "112"]

1. e4 c5 2. c3 e6 3. d4 cxd4 4. cxd4 d5 5. e5 Nc6 6. Nf3 Nge7
7. Be2 Qb6 8. Na3 Nf5 9. Nc2 Be7 10. O-O Bd7 11. g4 Nh4
12. Nxh4 Bxh4 13. b3 f6 14. Ba3 fxe5 15. dxe5 Nxe5 16. Nd4 Bf6
17. Rc1 Qxd4 18. Qxd4 Nf3+ 19. Bxf3 Bxd4 20. Rc7 Rb8 21. Bb4
Bb6 22. Rc2 Rc8 23. Rfc1 Kf7 24. a4 Rxc2 25. Rxc2 Rc8 26. Rxc8
Bxc8 27. a5 Bd4 28. Kf1 Bd7 29. Be2 g5 30. f3 Be3 31. Bd3 h6
32. Ke2 Bf4 33. h3 e5 34. a6 Bc6 35. Bc5 b6 36. Bf2 e4
37. fxe4 dxe4 38. Bc4+ Kf6 39. b4 Bd6 40. b5 Ba8 41. Bd4+ Be5
42. Ke3 Bxd4+ 43. Kxd4 Ke7 44. Ke5 e3 45. Kd4 Bg2 46. Kxe3 Kd6
47. Kf2 Bd5 48. Bd3 Kc5 49. Kg3 Bc4 50. Bxc4 Kxc4 51. h4 Kxb5
52. hxg5 hxg5 53. Kf3 Kxa6 54. Ke4 b5 55. Kf5 b4 56. Kxg5 b3
0-1

[Event "FIDE Online Olympiad"]
[Site "Chess.com"]
[Date "2020.08.01"]
[EventDate "2020.07.31"]
[Round "5"]
[Result "0-1"]
[White "Shemilah James"]
[Black "Raehanna Brown"]
[WhiteElo "1494"]
[BlackElo "1540"]
[PlyCount "96"]

1. e4 c5 2. Nf3 Nc6 3. d4 cxd4 4. Nxd4 Nf6 5. Nc3 g6 6. Nxc6
bxc6 7. Be3 Bg7 8. Bc4 O-O 9. O-O Nxe4 10. Nxe4 d5 11. c3 dxc4
12. Qf3 Be6 13. Ng5 Bd5 14. Qe2 h6 15. Nf3 Qc7 16. Rad1 Rfd8
17. Nd4 e5 18. Nf3 Rab8 19. Rfe1 e4 20. Nd2 Rxb2 21. Qg4 Kh7
22. Bd4 Bxd4 23. cxd4 f5 24. Qg3 Qxg3 25. hxg3 Rxa2 26. Nf1
Rb8 27. Ne3 Rbb2 28. Rf1 a5 29. Rc1 Rd2 30. Rcd1 c3 31. Rb1
Rdb2 32. Rbc1 c2 33. Kh2 a4 34. Rfe1 a3 35. g4 f4 36. Nxd5
cxd5 37. Re2 Kg7 38. g3 f3 39. Rd2 Kf7 40. Kh3 g5 41. Kh2 Ke7
42. Kg1 Rb1 43. Rdxc2 Rxc1+ 44. Rxc1 Rb2 45. Kf1 a2 46. Rc7+
Kd6 47. Rc1 Rb1 48. Rxb1 axb1=Q# 0-1

[Event "FIDE Online Olympiad"]
[Site "Chess.com"]
[Date "2020.08.01"]
[EventDate "2020.07.31"]
[Round "5"]
[Result "0-1"]
[White "Nickaylah Curwin"]
[Black "Gabriella Johnson"]
[WhiteElo "1422"]
[BlackElo "1733"]
[PlyCount "72"]

1. d4 Nf6 2. Bf4 c5 3. d5 d6 4. c4 g6 5. e3 Bg7 6. Bd3 O-O
7. Nc3 a6 8. Nge2 Re8 9. Qc2 Nbd7 10. O-O Qa5 11. h3 e5
12. Bh2 Rb8 13. a4 Nf8 14. e4 Bd7 15. b3 Qd8 16. Rae1 Bh6
17. f4 Nh5 18. fxe5 dxe5 19. Ng3 Nf4 20. Nce2 g5 21. Nf5 Bg7
22. Neg3 N8g6 23. Nh5 b5 24. Nxf4 gxf4 25. Qf2 bxa4 26. bxa4
Qg5 27. Qxc5 Rb3 28. Rd1 Bxf5 29. exf5 Nh4 30. Rf2 e4 31. Bxf4
Qxf5 32. Be2 Qg6 33. Kh2 e3 34. Rdf1 exf2 35. Rxf2 Rb2 36. Qd4
Bxd4 0-1

[Event "FIDE Online Olympiad"]
[Site "Chess.com"]
[Date "2020.08.01"]
[EventDate "2020.07.31"]
[Round "5"]
[Result "0-1"]
[White "Taffin Khan"]
[Black "Marcos Ortiz"]
[WhiteElo "1989"]
[BlackElo "2221"]
[PlyCount "106"]

1. d4 Nf6 2. Nf3 g6 3. e3 Bg7 4. Bd3 O-O 5. O-O c5 6. c3 d6
7. h3 Qc7 8. e4 Nc6 9. d5 Ne5 10. Nxe5 dxe5 11. c4 Ne8 12. Nc3
Nd6 13. f4 Bd7 14. a4 a6 15. a5 e6 16. Qe2 Rae8 17. Ra3 f5
18. exf5 exf5 19. fxe5 Bxe5 20. Qc2 Bd4+ 21. Kh1 Ne4 22. Bf4
Ng3+ 23. Bxg3 Qxg3 24. Ne2 Qh4 25. Nxd4 Qxd4 26. Qc3 Qxc3
27. Rxc3 Re3 28. Rfc1 f4 29. Bf1 Rfe8 30. Kg1 Kg7 31. Kf2 Kf6
32. Rxe3 Rxe3 33. Re1 Rb3 34. Re2 Bf5 35. Rd2 Ke5 36. Be2 Kd6
37. Bd1 Re3 38. Re2 Rxe2+ 39. Kxe2 Ke5 40. Kf3 Bd3 41. Be2
Be4+ 42. Kf2 g5 43. Bf1 Bf5 44. Be2 Bd7 45. Bf1 h5 46. Be2 g4
47. hxg4 hxg4 48. Bf1 Ke4 49. Be2 g3+ 50. Ke1 Ke3 51. Kd1 Bh3
52. Bf3 Bxg2 53. Bxg2 f3 0-1

[Event "FIDE Online Olympiad"]
[Site "Chess.com"]
[Date "2020.08.01"]
[EventDate "2020.07.31"]
[Round "5"]
[Result "0-1"]
[White "Jose Espinoza"]
[Black "Wendell Meusa"]
[WhiteElo "2141"]
[BlackElo "1987"]
[PlyCount "118"]

1. e4 c6 2. d4 d5 3. e5 Bf5 4. Bd3 Bxd3 5. Qxd3 e6 6. Nf3 Qb6
7. O-O Qa6 8. Qxa6 Nxa6 9. c3 c5 10. Be3 Ne7 11. Na3 Nf5
12. Nb5 h5 13. Rfd1 Be7 14. Bg5 f6 15. exf6 gxf6 16. Bf4 Kf7
17. a3 cxd4 18. cxd4 Rhc8 19. Rac1 Rc6 20. Kf1 Rb6 21. a4 Nb4
22. Rc7 a6 23. Nc3 Nc6 24. Rd2 Na5 25. Re2 Nc4 26. h3 h4
27. g4 hxg3 28. fxg3 Re8 29. g4 Nfd6 30. Rd7 Rc6 31. h4 Nb6
32. Bxd6 Nxd7 33. Bf4 Rg8 34. g5 Bd6 35. Bd2 Nb6 36. h5 Nc4
37. g6+ Kg7 38. Rxe6 Nxd2+ 39. Nxd2 Bb4 40. Re3 Rh8 41. Rh3
Bxc3 42. bxc3 Re6 43. c4 dxc4 44. Nxc4 Re4 45. Ne3 Rf4+
46. Ke2 Kh6 47. Rg3 Kxh5 48. Ng2 Re8+ 49. Kd3 Rg4 50. Rh3+
Kxg6 51. Ne3 Rg5 52. d5 Rge5 53. Kd4 Rxe3 54. Rxe3 Rxe3
55. Kxe3 Kf7 56. Ke4 Ke7 57. Kf5 Kd6 58. Kxf6 Kxd5 59. Ke7 b5
0-1

[Event "FIDE Online Olympiad"]
[Site "Chess.com"]
[Date "2020.08.01"]
[EventDate "2020.07.31"]
[Round "5"]
[Result "0-1"]
[White "Maria Varona-Thomas"]
[Black "Michelle Ferrufino"]
[WhiteElo "1733"]
[BlackElo "1855"]
[PlyCount "98"]

1. d4 d5 2. Bf4 f5 3. e3 Nf6 4. Bd3 e6 5. Nd2 Be7 6. Ngf3 O-O
7. Ne5 Nbd7 8. Ndf3 Ne4 9. Nxd7 Bxd7 10. Ne5 Be8 11. h4 c5
12. Bxe4 dxe4 13. dxc5 Qa5+ 14. Qd2 Qxc5 15. Nd7 Bxd7 16. Qxd7
Rad8 17. Qxe6+ Kh8 18. Qb3 Qa5+ 19. c3 Qa6 20. g3 Rd7 21. Be5
Rfd8 22. Bd4 Rd5 23. Qc2 Bf8 24. Qe2 Qg6 25. h5 Qh6 26. Kf1
Bc5 27. Kg2 Bxd4 28. cxd4 a6 29. Rac1 Qd6 30. Rc2 b5 31. Rhc1
f4 32. Rc6 f3+ 33. Kg1 fxe2 34. Rxd6 R5xd6 35. Kg2 Kg8 36. Re1
Rc6 37. Rxe2 Rdc8 38. g4 Rc2 39. Re1 Rxb2 40. Rd1 Rcc2 41. Kg3
Rxf2 42. d5 Rfd2 43. Rc1 Rxd5 44. Rc8+ Kf7 45. Rc7+ Kf6
46. Rc6+ Ke5 47. Rxa6 Rdd2 48. Rc6 h6 49. Rc5+ Kd6 0-1

[Event "FIDE Online Olympiad"]
[Site "Chess.com"]
[Date "2020.08.01"]
[EventDate "2020.07.31"]
[Round "5"]
[Result "0-1"]
[White "Ethan Lee"]
[Black "Jose Nahum Espinoza Solano"]
[WhiteElo "1324"]
[BlackElo "1874"]
[PlyCount "50"]

1. d4 Nf6 2. Bf4 d6 3. Nf3 g6 4. Nc3 Bg7 5. e4 O-O 6. Qd2 Nbd7
7. O-O-O b5 8. Bxb5 Rb8 9. e5 Ne8 10. Rhe1 c6 11. exd6 Nxd6
12. Bxc6 Qb6 13. Bb5 Nxb5 14. Bxb8 Nxb8 15. Nxb5 Qxb5 16. Rxe7
Nc6 17. Re2 Bg4 18. c3 Rc8 19. Qd3 Qa4 20. b3 Qa3+ 21. Rb2 Nb4
22. Qd2 Nxa2+ 23. Kb1 Nxc3+ 24. Qxc3 Rxc3 25. Rdd2 Bf5+ 0-1

[Event "FIDE Online Olympiad"]
[Site "Chess.com"]
[Date "2020.08.01"]
[EventDate "2020.07.31"]
[Round "5"]
[Result "0-1"]
[White "Hubert Randolf Tromp"]
[Black "Alejandro Jose Chinchilla"]
[WhiteElo "1609"]
[BlackElo "2130"]
[PlyCount "96"]

1. d4 Nf6 2. c4 e6 3. Nc3 d5 4. cxd5 exd5 5. Bg5 c6 6. Qc2 Be7
7. e3 Nbd7 8. Bd3 h6 9. Bh4 Nh5 10. Bxe7 Qxe7 11. Nge2 Nb6
12. e4 dxe4 13. Bxe4 Nf6 14. Bd3 O-O 15. O-O Nbd5 16. a3 Be6
17. Rfe1 Qd6 18. Ne4 Nxe4 19. Bxe4 Nf6 20. Bf3 Bd5 21. Bxd5
Nxd5 22. Rad1 Rfe8 23. Qf5 Re6 24. Ng3 Rae8 25. Rxe6 Rxe6
26. Qf3 Qe7 27. h3 g6 28. b4 a6 29. Qb3 h5 30. Rb1 h4 31. Nf1
Qg5 32. a4 Nf4 33. Qf3 Ne2+ 34. Kh1 Nxd4 35. Qg4 Qxg4 36. hxg4
Re2 37. f3 Ne6 38. Rd1 Rb2 39. b5 axb5 40. axb5 Rxb5 41. Ne3
Rb2 42. Rc1 c5 43. Rc2 Rxc2 44. Nxc2 b5 45. Kg1 Nf4 46. Kf2 b4
47. g3 Nd3+ 48. Ke3 h3 0-1

[Event "FIDE Online Olympiad"]
[Site "Chess.com"]
[Date "2020.08.01"]
[EventDate "2020.07.31"]
[Round "5"]
[Result "0-1"]
[White "Thamara Sagastegui"]
[Black "Alejandra Nicolle Garcia Reyes"]
[WhiteElo "1212"]
[BlackElo "1506"]
[PlyCount "94"]

1. e4 c5 2. c3 Nc6 3. d4 cxd4 4. cxd4 d5 5. e5 Bf5 6. Nc3 e6
7. a3 Be7 8. Bb5 f6 9. Nf3 a6 10. Bxc6+ bxc6 11. Qa4 Qc7
12. Bf4 Qb7 13. b4 h6 14. h3 g5 15. Bg3 Bd3 16. Kd2 Bc4
17. Rac1 f5 18. Bh2 g4 19. hxg4 fxg4 20. Ne1 Bg5+ 21. Kd1 Bxc1
22. Kxc1 O-O-O 23. Qd1 h5 24. Bg3 Ne7 25. Bh4 Rdf8 26. Bf6
Rhg8 27. f3 Nf5 28. fxg4 hxg4 29. Qd2 Qb6 30. Nc2 Bb3 31. Rd1
Bxc2 32. Kxc2 g3 33. Na4 Qb5 34. Nc5 Qc4+ 35. Kb2 Rg4 36. Nxe6
Re8 37. Rc1 Qb5 38. Qd1 Re4 39. Nc5 Qe2+ 40. Qxe2 Rxe2+
41. Kb1 Nxd4 42. Nd3 Kd7 43. Nf4 Rf2 44. e6+ Nxe6 45. Nxe6
Rxe6 46. Bh4 Ree2 47. Bf6 Rxf6 0-1

[Event "FIDE Online Olympiad"]
[Site "Chess.com"]
[Date "2020.08.01"]
[EventDate "2020.07.31"]
[Round "6"]
[Result "0-1"]
[White "Kyell-Jean Antonio"]
[Black "Fabio Costa Alegre"]
[WhiteElo "1432"]
[BlackElo "1576"]
[PlyCount "124"]

1. e4 c5 2. Nf3 d6 3. d4 cxd4 4. Nxd4 Nf6 5. Nc3 a6 6. Bg5 e6
7. f3 Be7 8. Qd2 b5 9. O-O-O Bb7 10. h4 Nbd7 11. g4 h6 12. Be3
h5 13. g5 Ng8 14. Bh3 g6 15. Bg2 Ne5 16. b3 Rc8 17. Nce2 d5
18. exd5 Bxd5 19. Kb2 Qd6 20. Qa5 Rc4 21. Kb1 Bd8 22. Qd2 Qa3
23. c3 Rc8 24. Qb2 Qa5 25. Nc1 Qxc3 26. Qxc3 Rxc3 27. Bd2 Rc8
28. Nce2 Ne7 29. Rc1 Rxc1+ 30. Rxc1 Kd7 31. Bf4 N7c6 32. Nxc6
Nxc6 33. Nc3 Bb6 34. Bg3 Rc8 35. Rd1 Ne7 36. Nxd5 exd5 37. f4
Kc6 38. Be1 Rd8 39. Bb4 Nf5 40. Be1 Ne3 41. Rd2 Nxg2 42. Rxg2
d4 43. f5 d3 44. Bd2 Rd5 45. fxg6 fxg6 46. Rg3 Bc7 47. Rf3 Be5
48. Kc1 Rd7 49. Re3 Rd5 50. Rf3 Kb6 51. Rf8 Kc7 52. Rf7+ Kc6
53. Rf2 Rc5+ 54. Kd1 Rc2 55. Rf3 Rxa2 56. Rxd3 Ra1+ 57. Kc2
Rh1 58. Re3 Kd5 59. Be1 Bd4 60. Re2 Rh3 61. Re8 Rh2+ 62. Kd1
Rh1 0-1

[Event "FIDE Online Olympiad"]
[Site "Chess.com"]
[Date "2020.08.01"]
[EventDate "2020.07.31"]
[Round "6"]
[Result "0-1"]
[White "Leslie Carolin Torres Hernandez"]
[Black "Michelle Ferrufino"]
[WhiteElo "1884"]
[BlackElo "1855"]
[PlyCount "90"]

1. e4 c5 2. Nc3 e6 3. g3 d5 4. Bg2 dxe4 5. Nxe4 Nd7 6. Ne2
Ngf6 7. N2c3 Be7 8. O-O O-O 9. d3 Nxe4 10. Bxe4 Nf6 11. Bg2
Qb6 12. Bd2 Bd7 13. b3 Bc6 14. Qe2 Bxg2 15. Kxg2 Rad8 16. Rad1
Rd7 17. Na4 Qc6+ 18. Qf3 Qxf3+ 19. Kxf3 b5 20. Nc3 a6 21. Be3
Nd5 22. Bd2 Nb4 23. Rc1 Rfd8 24. Rfd1 c4 25. a3 Nc6 26. b4
cxd3 27. cxd3 Ne5+ 28. Ke3 Nxd3 29. Rc2 Ne5 30. Ne4 Nc4+
31. Ke2 Nxa3 32. Rc6 Nc4 33. Rxa6 Nxd2 34. Rxd2 Rxd2+ 35. Nxd2
Bxb4 36. Ra2 Rxd2+ 37. Rxd2 Bxd2 38. Kxd2 Kf8 39. Kc3 Ke7
40. Kb4 Kd6 41. Kxb5 Kd5 42. Kb6 Ke4 43. Kc7 Kf3 44. Kd7 e5
45. Ke7 Kxf2 0-1

[Event "FIDE Online Olympiad"]
[Site "Chess.com"]
[Date "2020.08.01"]
[EventDate "2020.07.31"]
[Round "6"]
[Result "0-1"]
[White "Maria Pradi Ramos Donaire"]
[Black "Maria Jose Granados Ortiz"]
[WhiteElo "1558"]
[BlackElo "1576"]
[PlyCount "112"]

1. e4 Nf6 2. e5 Nd5 3. d4 d6 4. Nf3 Bg4 5. c4 Nb6 6. exd6 exd6
7. h3 Bh5 8. Nc3 Be7 9. Be3 O-O 10. Be2 Nc6 11. b3 Re8 12. O-O
Bf6 13. g4 Bg6 14. g5 Be7 15. Bd3 Bh5 16. h4 Qd7 17. Be2 Qh3
18. Ne4 d5 19. Ng3 Bd6 20. Nxh5 Re4 21. Ng3 Rg4 22. Ne5 Nxe5
23. dxe5 Rxg3+ 24. fxg3 Qxg3+ 25. Kh1 Qh3+ 26. Kg1 Qxe3+
27. Kg2 Qxe5 28. Rf3 Qh2+ 29. Kf1 Qh1+ 30. Kf2 Qxd1 31. Rxd1
Re8 32. cxd5 g6 33. Bc4 Re4 34. Rh1 Nxc4 35. bxc4 Rxc4
36. Rhh3 Rc2+ 37. Ke3 Rxa2 38. Kd3 Ra1 39. Ke2 a5 40. Rb3 b6
41. Rbe3 Kg7 42. h5 gxh5 43. Rxh5 a4 44. Rhh3 a3 45. Rd3 a2
46. Rd2 Re1+ 47. Kxe1 a1=Q+ 48. Ke2 Qe5+ 49. Re3 Qh2+ 50. Kd3
Qg1 51. Ree2 Qf1 52. Kc2 Bf4 53. Rf2 Qc4+ 54. Kd1 Bxd2
55. Rxd2 Qg4+ 56. Kc2 Qxg5 0-1

[Event "FIDE Online Olympiad"]
[Site "Chess.com"]
[Date "2020.08.01"]
[EventDate "2020.07.31"]
[Round "6"]
[Result "0-1"]
[White "Yolander Persaud"]
[Black "Nickaylah Curwin"]
[WhiteElo "1109"]
[BlackElo "1422"]
[PlyCount "52"]

1. d4 d5 2. Bf4 c6 3. e3 e6 4. Nf3 f5 5. Nbd2 Bd6 6. Ne5 Nf6
7. c3 O-O 8. Be2 Qe7 9. O-O Nbd7 10. h3 Ne4 11. Nxe4 fxe4
12. a4 Nf6 13. a5 Bd7 14. a6 b6 15. Nxd7 Nxd7 16. Bxd6 Qxd6
17. Bg4 Nf6 18. f4 exf3 19. Rxf3 Nxg4 20. Rxf8+ Rxf8 21. Qxg4
Qe7 22. Rf1 Rxf1+ 23. Kxf1 Qf6+ 24. Ke2 g6 25. Qg3 Qe7 26. Qf4
c5 0-1

[Event "FIDE Online Olympiad"]
[Site "Chess.com"]
[Date "2020.08.01"]
[EventDate "2020.07.31"]
[Round "6"]
[Result "0-1"]
[White "Sasha Christina Shariff"]
[Black "Rachel Miller"]
[WhiteElo "1195"]
[BlackElo "2004"]
[PlyCount "46"]

1. e4 e5 2. Nf3 Nc6 3. Nc3 Nf6 4. d4 exd4 5. Nxd4 Bb4 6. f3 h6
7. Nde2 O-O 8. Be3 Re8 9. a3 Ba5 10. b4 Bb6 11. Bxb6 axb6
12. b5 Ne5 13. Nd4 d5 14. Be2 dxe4 15. fxe4 Nfg4 16. Qd2 Qh4+
17. g3 Qe7 18. a4 Nf6 19. Qe3 Neg4 20. Bxg4 Bxg4 21. e5 Qxe5
22. Qxe5 Rxe5+ 23. Kd2 Rd8 0-1

[Event "FIDE Online Olympiad"]
[Site "Chess.com"]
[Date "2020.08.01"]
[EventDate "2020.07.31"]
[Round "6"]
[Result "0-1"]
[White "Niccolo Walrond"]
[Black "Isaiah McIntosh"]
[WhiteElo "1207"]
[BlackElo "1902"]
[PlyCount "64"]

1. e4 c5 2. Nf3 d6 3. c3 Nf6 4. Be2 Bd7 5. e5 dxe5 6. Nxe5 Nc6
7. d4 cxd4 8. cxd4 Nxe5 9. dxe5 Qa5+ 10. Nc3 Qxe5 11. O-O e6
12. Be3 Bc5 13. Qd2 Bxe3 14. Qxe3 Qxe3 15. fxe3 Ke7 16. Rad1
Rhc8 17. e4 Rc5 18. Bf3 Bc6 19. Rfe1 Rd8 20. Rxd8 Kxd8 21. Nb1
Rc2 22. Rd1+ Kc7 23. Rd2 Rc1+ 24. Rd1 Rxd1+ 25. Bxd1 Nxe4
26. Bf3 Kd6 27. Na3 Kc5 28. Nc2 f5 29. Be2 g5 30. b4+ Kd6
31. b5 Bd5 32. a4 Nc3 0-1

[Event "FIDE Online Olympiad"]
[Site "Chess.com"]
[Date "2020.08.02"]
[EventDate "2020.07.31"]
[Round "7"]
[Result "0-1"]
[White "Mohamed Hassan"]
[Black "Tinnakrit Arunnuntapanich"]
[WhiteElo "1842"]
[BlackElo "2067"]
[PlyCount "74"]

1. e4 c5 2. Nf3 d6 3. d4 cxd4 4. Nxd4 Nf6 5. Nc3 a6 6. Be2 e5
7. Nb3 Be6 8. Bf3 Be7 9. O-O Nbd7 10. Qd3 b5 11. h3 Bc4
12. Qd1 Bxf1 13. Qxf1 O-O 14. Be3 Qc7 15. Qe2 Nb6 16. Bxb6
Qxb6 17. Rd1 Rac8 18. Rd2 b4 19. Nd5 Nxd5 20. Rxd5 Rc7 21. Bg4
Qc6 22. Rd2 Qc4 23. Qe3 h6 24. Re2 Bg5 25. Qb6 Rc6 26. Qb7 Qb5
27. Qa7 Qb8 28. Qd7 Qc7 29. g3 Qxd7 30. Bxd7 Rc7 31. Bg4 g6
32. h4 h5 33. Bh3 Bh6 34. Kf1 a5 35. Nxa5 Ra8 36. Nb3 Rxa2
37. f4 Rxb2 0-1

[Event "FIDE Online Olympiad"]
[Site "Chess.com"]
[Date "2020.08.02"]
[EventDate "2020.07.31"]
[Round "7"]
[Result "0-1"]
[White "Nuha Rilwan"]
[Black "Chanida Taweesupmun"]
[WhiteElo "1102"]
[BlackElo "1754"]
[PlyCount "176"]

1. e4 e5 2. Nf3 Nc6 3. Bc4 Be7 4. d3 Nf6 5. Nc3 d6 6. h3 O-O
7. O-O a6 8. a4 Na5 9. Ba2 c5 10. Bd2 Nc6 11. Re1 Nb4 12. Bc4
h6 13. Nd5 Nbxd5 14. Bxd5 Nxd5 15. exd5 Bf6 16. Rb1 b5 17. c4
Bb7 18. Bc3 b4 19. Bd2 Qd7 20. b3 Qf5 21. Re4 Bc8 22. Qe2 Qh5
23. Kh2 Qg6 24. Rg1 Bf5 25. Re3 h5 26. Kh1 Rfe8 27. Re1 Re7
28. Nh2 Bg5 29. Rg3 f6 30. Nf3 Bxd3 31. Qd1 Qf5 32. Bxg5 fxg5
33. Rxg5 Qh7 34. Nd2 e4 35. Rxh5 Qg6 36. Rh4 Rf8 37. Kg1 Qf6
38. Nxe4 Bxe4 39. Rexe4 Qxf2+ 40. Kh2 Rxe4 41. Rxe4 Qf5
42. Qg4 Qxg4 43. Rxg4 Rf2 44. Rg6 Rb2 45. Rxd6 Rxb3 46. Rb6
Ra3 47. d6 Kf7 48. d7 Ke7 49. Rb7 Rxa4 50. Rc7 b3 51. Rxc5
Kxd7 52. Rd5+ Kc7 53. Rc5+ Kb7 54. Rd5 Rxc4 55. Rd7+ Rc7
56. Rd3 a5 57. Rxb3+ Kc6 58. Ra3 Kb5 59. Rb3+ Kc4 60. Ra3 Kb4
61. Rg3 a4 62. Rg6 Ra7 63. Rb6+ Kc5 64. Rb1 a3 65. Rc1+ Kb4
66. Rb1+ Kc3 67. Rc1+ Kb2 68. Rf1 a2 69. Rf2+ Kc3 70. Rf3+ Kd4
71. Rf4+ Ke5 72. Rf1 a1=Q 73. Rxa1 Rxa1 74. Kg3 Ra4 75. Kf3
Kf5 76. g4+ Kg5 77. Kg3 Ra3+ 78. Kh2 Kh4 79. Kg2 Rxh3 80. g5
Rg3+ 81. Kf2 Rxg5 82. Kf3 Rf5+ 83. Kg2 Kg4 84. Kh2 Rf3 85. Kg2
g5 86. Kh2 Rf2+ 87. Kg1 Kg3 88. Kh1 Rf1# 0-1

[Event "FIDE Online Olympiad"]
[Site "Chess.com"]
[Date "2020.08.02"]
[EventDate "2020.07.31"]
[Round "7"]
[Result "0-1"]
[White "Aala Mohamed Naushad"]
[Black "Sarocha Chuemsakul"]
[WhiteElo "1258"]
[BlackElo "1694"]
[PlyCount "70"]

1. e4 c6 2. Nf3 d5 3. Nc3 dxe4 4. Nxe4 Bf5 5. Ng3 Bg6 6. Bc4
e6 7. d4 Bd6 8. c3 Nf6 9. O-O Qc7 10. Ne2 O-O 11. h3 Nbd7
12. Re1 Rad8 13. Be3 Nb6 14. Bd3 Bh5 15. Nc1 Nbd5 16. Bd2 Bf4
17. Bxf4 Nxf4 18. Ne2 Nxh3+ 19. gxh3 Bxf3 20. Qd2 Qa5 21. Qf4
Bh5 22. Ng3 Bg6 23. Bxg6 hxg6 24. Qh4 g5 25. Qe4 Nxe4 26. Rxe4
Rfe8 27. Re5 Rd5 28. Re4 f5 29. Ree1 g6 30. f3 Qb5 31. b4 Qd3
32. Rac1 Qxf3 33. Rf1 Qxg3+ 34. Kh1 Kg7 35. Rg1 Qxh3# 0-1

[Event "FIDE Online Olympiad"]
[Site "Chess.com"]
[Date "2020.08.02"]
[EventDate "2020.07.31"]
[Round "7"]
[Result "0-1"]
[White "Joyce Nyaruai Ndirangu"]
[Black "Chi Chen"]
[WhiteElo "1621"]
[BlackElo "1353"]
[PlyCount "60"]

1. d4 e6 2. Nf3 Nf6 3. Bf4 d6 4. e3 b6 5. Bd3 Bb7 6. O-O Be7
7. Nbd2 O-O 8. Re1 Nbd7 9. c3 h6 10. e4 c5 11. e5 Nh5 12. Be3
cxd4 13. cxd4 dxe5 14. dxe5 Bc5 15. g4 Bxe3 16. fxe3 Nc5
17. Be2 g5 18. gxh5 g4 19. Nd4 Qd5 20. Bf3 gxf3 21. N2xf3 Kh8
22. h3 Nd7 23. e4 Qa5 24. Qc1 Kh7 25. Qc7 Nc5 26. Nxe6 Nxe6
27. Qxb7 Qc5+ 28. Kh2 Qf2+ 29. Kh1 Qxf3+ 30. Kh2 Nf4 0-1

[Event "FIDE Online Olympiad"]
[Site "Chess.com"]
[Date "2020.08.02"]
[EventDate "2020.07.31"]
[Round "7"]
[Result "0-1"]
[White "Krishi Shah"]
[Black "Sophie Yi-Hsuan Tsai"]
[WhiteElo "1600"]
[BlackElo "1155"]
[PlyCount "166"]

1. e4 c5 2. Nf3 g6 3. Bc4 Bg7 4. Nc3 Nc6 5. d3 Nf6 6. O-O O-O
7. Be3 b6 8. Qd2 Ng4 9. Bf4 d6 10. h3 Nge5 11. Nxe5 Nxe5
12. Bd5 Rb8 13. a4 e6 14. Bb3 Qe7 15. Bh6 Bb7 16. Bxg7 Kxg7
17. f4 Nd7 18. f5 exf5 19. exf5 Rbe8 20. Rae1 Qd8 21. Nb5 Rxe1
22. Qxe1 Nf6 23. Qg3 Nh5 24. Qxd6 Qg5 25. Bd5 Bxd5 26. Qxd5
Qe3+ 27. Kh2 Qg3+ 28. Kh1 Qe3 29. Rd1 Ng3+ 30. Kh2 Nxf5
31. Qf3 Qe5+ 32. Kg1 Qxb2 33. c4 a6 34. Nc7 Qd4+ 35. Kh1 Qe5
36. Nd5 Ng3+ 37. Kg1 Ne2+ 38. Kf2 Nd4 39. Qe4 Qxe4 40. dxe4
Rb8 41. Rb1 b5 42. axb5 axb5 43. cxb5 Rxb5 44. Rxb5 Nxb5
45. Ke3 c4 46. Nb4 Kf6 47. Kd2 Ke5 48. Ke3 Nd6 49. g3 f5
50. Nc6+ Ke6 51. e5 Ne4 52. g4 fxg4 53. hxg4 Nc5 54. Kd4 Nd7
55. Nd8+ Ke7 56. Nb7 c3 57. Kxc3 Nxe5 58. g5 Nf3 59. Nc5 Nxg5
60. Kd4 Ne6+ 61. Nxe6 Kxe6 62. Ke4 Kf6 63. Kf4 h5 64. Kg3 g5
65. Kh3 Kf5 66. Kg3 h4+ 67. Kh3 Kf4 68. Kh2 g4 69. Kg2 h3+
70. Kh2 Kf3 71. Kg1 g3 72. Kh1 g2+ 73. Kg1 h2+ 74. Kxh2 Kf2
75. Kh3 g1=Q 76. Kh4 Qg3+ 77. Kh5 Kf3 78. Kh6 Qg4 79. Kh7 Qg5
80. Kh8 Kf4 81. Kh7 Kf5 82. Kh8 Kf6 83. Kh7 Qg7# 0-1

[Event "FIDE Online Olympiad"]
[Site "Chess.com"]
[Date "2020.08.02"]
[EventDate "2020.07.31"]
[Round "7"]
[Result "0-1"]
[White "Shanti Dhimal"]
[Black "Ze Jun Lin"]
[WhiteElo "1555"]
[BlackElo "1677"]
[PlyCount "44"]

1. e4 c5 2. Nf3 Nc6 3. c3 d5 4. exd5 Qxd5 5. d3 Nf6 6. h3 Bf5
7. Be2 e6 8. Be3 Be7 9. c4 Qd7 10. Nc3 O-O 11. O-O Rad8
12. Ne1 Nb4 13. Qb3 Nc6 14. Rd1 Nd4 15. Bxd4 cxd4 16. Na4 Bd6
17. Nf3 e5 18. Qc2 Rfe8 19. b3 Bxh3 20. gxh3 Qxh3 21. Ng5 Qh4
22. Qd2 e4 0-1

[Event "FIDE Online Olympiad"]
[Site "Chess.com"]
[Date "2020.08.02"]
[EventDate "2020.07.31"]
[Round "7"]
[Result "0-1"]
[White "Wing Ki Kwong"]
[Black "Yubraj Paudel"]
[WhiteElo "1679"]
[BlackElo "1621"]
[PlyCount "78"]

1. d4 Nf6 2. c4 g6 3. Nc3 Bg7 4. e4 O-O 5. Nf3 d6 6. Be2 e5
7. O-O Nc6 8. d5 Ne7 9. b4 Nh5 10. Rb1 Nf4 11. c5 f5 12. Nd2
Rf7 13. f3 g5 14. Nc4 Neg6 15. a4 Nxe2+ 16. Qxe2 f4 17. cxd6
cxd6 18. a5 h5 19. h3 Bf8 20. b5 Nh4 21. Bd2 g4 22. hxg4 hxg4
23. fxg4 Rg7 24. Qf2 Rxg4 25. Kh1 Rxg2 26. Rg1 Bh3 27. Be1 Be7
28. Rb2 Kf7 29. Rxg2 Bxg2+ 30. Kg1 Qg8 31. Nd2 Qg4 32. Ne2 Rh8
33. Ng3 Rg8 34. Kh2 Qh3+ 35. Kg1 Rxg3 36. Qxg3 Qh1+ 37. Kf2
fxg3+ 38. Ke3 Qxe1+ 39. Kd3 Bf1+ 0-1

[Event "FIDE Online Olympiad"]
[Site "Chess.com"]
[Date "2020.08.02"]
[EventDate "2020.07.31"]
[Round "7"]
[Result "0-1"]
[White "Sneha Yadav"]
[Black "Eunice Feng"]
[WhiteElo "1365"]
[BlackElo "1306"]
[PlyCount "38"]

1. e4 c5 2. Nf3 d6 3. Bc4 Nf6 4. Nc3 e6 5. O-O Be7 6. a3 O-O
7. d3 Nc6 8. Bd2 a6 9. Re1 b5 10. Ba2 Bb7 11. h3 Qc7 12. Qc1
Rac8 13. Ne2 Ne5 14. Nxe5 dxe5 15. Ng3 Rfd8 16. Bc3 b4 17. Bd2
bxa3 18. bxa3 Rb8 19. Rb1 Bc6 0-1

[Event "FIDE Online Olympiad"]
[Site "Chess.com"]
[Date "2020.08.02"]
[EventDate "2020.07.31"]
[Round "7"]
[Result "0-1"]
[White "Khalil Bukhalaf"]
[Black "Tun Nay Oo Kyaw"]
[WhiteElo "1896"]
[BlackElo "2406"]
[PlyCount "64"]

1. c4 c6 2. g3 Nf6 3. Bg2 d5 4. Nf3 Bf5 5. O-O e6 6. d4 Nbd7
7. Nc3 h6 8. b3 Be7 9. Re1 O-O 10. Bb2 Bh7 11. Nd2 a5 12. a3
Re8 13. cxd5 exd5 14. e4 dxe4 15. Ndxe4 Nxe4 16. Nxe4 Nf6
17. Nc5 Qb6 18. Qf3 Rad8 19. Rad1 Bg6 20. Rc1 Nd5 21. Qd1 Bg5
22. Rf1 Bxc1 23. Bxc1 Qc7 24. Re1 Rxe1+ 25. Qxe1 b6 26. Na4
Bc2 27. Bxd5 cxd5 28. Qe3 Bxb3 29. Qxb3 Qxc1+ 30. Kg2 Qc6
31. Qxb6 Qxb6 32. Nxb6 Kf8 0-1

[Event "FIDE Online Olympiad"]
[Site "Chess.com"]
[Date "2020.08.02"]
[EventDate "2020.07.31"]
[Round "7"]
[Result "0-1"]
[White "Halima Hammadi"]
[Black "Thu Aung Moe"]
[WhiteElo "1181"]
[BlackElo "1164"]
[PlyCount "82"]

1. Nf3 Nc6 2. Nc3 d5 3. d4 Nf6 4. Bg5 e6 5. e3 Be7 6. Bb5 O-O
7. O-O Bd7 8. h3 a6 9. Bxc6 Bxc6 10. Qe2 Ne4 11. Nxe4 Bb5
12. Qd1 Bxf1 13. Qxf1 dxe4 14. Bxe7 Qxe7 15. Nd2 f5 16. Rd1
Qb4 17. b3 Qc3 18. Kh1 Qxc2 19. a4 Qc6 20. Rc1 Qd6 21. Qe1
Rac8 22. Nc4 Qd5 23. Nd2 c5 24. dxc5 Rxc5 25. Rxc5 Qxc5
26. Nc4 b5 27. axb5 axb5 28. Nd2 Rd8 29. Nf1 Qc2 30. b4 Rd1
31. Qxd1 Qxd1 32. Kg1 Qe1 33. g4 Qxb4 34. g5 Qe1 35. h4 b4
36. Kg2 Qe2 37. Ng3 Qf3+ 38. Kh3 b3 39. h5 b2 40. g6 b1=Q
41. Kh4 Qg4# 0-1

[Event "FIDE Online Olympiad"]
[Site "Chess.com"]
[Date "2020.08.02"]
[EventDate "2020.07.31"]
[Round "7"]
[Result "0-1"]
[White "Aliuddin Azahari"]
[Black "Albert Njau"]
[WhiteElo "2059"]
[BlackElo "1702"]
[PlyCount "30"]

1. e4 e5 2. Nf3 Nf6 3. Nc3 Nc6 4. d4 Bb4 5. Nxe5 Nxe4 6. Qg4
d5 7. Qxg7 Rf8 8. a3 Nxd4 9. Bd3 Bxc3+ 10. bxc3 Nf5 11. Qxh7
Qf6 12. Bxe4 Qxe5 13. O-O dxe4 14. Qh3 Rh8 15. Bf4 Qg7 0-1